Czy znajduje się to na fladze państwa? - nagła śmierć - Statystyki

Ogólne statystyki
  • Ten quiz został rozwiązany 17 razy
  • Średni wynik to 14 z 20
Answers on the Grid
Answers color-coded by a green-red scale on the quiz's grid according to % correct below.
Automobil
Drzewo
Gwiazda
Karabin
Klucz
Kobieta
Korona
Krokodyl
Krowa
Kształt państwa
Łódź
Mężczyzna
Niedźwiedź
Obuwie
Ogień
Orzeł
Pies
Półksiężyc
Róża
Ser
Słoń
Słońce
Smok
Świątynia
Tęcza
Tekst arabski
Tekst chiński
Tekst łaciński
Tekst rosyjski
Tygrys
Wąż
Włócznie
 
Statystyki odpowiedzi
Odpowiedź % Poprawnych
Liban, Gwinea Równikowa, ... Drzewo
100%
Liechtenstein, Czarnogóra, ... Korona
100%
Algieria, Pakistan, ... Półksiężyc
100%
Argentyna, Japonia, Namibia, Tajwan... Słońce
100%
Afganistan, Arabia Saudyjska, Brunei... Tekst arabski
100%
Stany Zjednoczone, Brazylia, ... Gwiazda
94%
Mozambik, Gwatemala Karabin
94%
Cypr, Kosowo Kształt państwa
88%
Albania, Meksyk, ... Orzeł
88%
Bhutan Smok
81%
Watykan Klucz
75%
Belize Mężczyzna
69%
Kambodża Świątynia
63%
Andora, Belize, San Marino, Hiszpania... Tekst łaciński
56%
Mongolia Ogień
50%
Meksyk Wąż
50%
Belize, Ekwador Łódź
44%
Kenia, Eswatini... Włócznie
44%
Nikaragua, Salwador Tęcza
25%
Andora, Mołdawia Krowa
13%
Nie znaleziono quizów pasujących do podanych kryteriów
Rozkład punktacji
Procent ludzi z każdym wynikiem
Percentyl według liczby udzielonych odpowiedzi
Twoja historia wyników
Nie rozwiązałeś tego quizu